000 00409nam a2200181Ia 4500
001 8197
005 20260306160551.0
008 260306t2017||||xx |||||||||||||| ||spa||
041 _aESP
082 _a370.15
_bC254
100 _aCline, Tony
_eAUT
245 0 _aPsicologĂ­a educativa
260 _c2017
300 _a363 páginas :
_c23 cm.
650 _aGEN
654 _aCED
942 _cLIB
_dJUS
_fJUS
_2ddc
_n
999 _c8197
_d8197